Prometeo ; Luz de domingo ; La caída de los limones (Record no. 176444)

MARC details
000 -LEADER
campo de control de longitud fija 00818nam a22002415i 4500
001 - NÚMERO DE CONTROL
campo de control 176444
003 - IDENTIFICADOR DE NÚMERO DE CONTROL
campo de control ES-MaACL
005 - FECHA Y HORA DE LA ÚLTIMA TRANSACCIÓN
campo de control 20250629070311.0
008 - DATOS DE LONGITUD FIJA--INFORMACIÓN GENERAL
campo de control de longitud fija 110117s1954 sp |||| | spa d
080 ## - NÚMERO DE LA CLASIFICACIÓN DECIMAL UNIVERSAL
Número de la Clasificación Decimal Universal 821.134.2-32"19"
100 1# - ENTRADA PRINCIPAL--NOMBRE DE PERSONA
Nombre de persona Pérez de Ayala, Ramón,
Fechas asociadas al nombre 1880-1962
9 (RLIN) 90763
245 10 - MENCIÓN DEL TÍTULO
Título Prometeo ; Luz de domingo ; La caída de los limones
Resto del título : novelas poemáticas de la vida española /
Mención de responsabilidad, etc. Ramón Pérez de Ayala.
250 ## - MENCION DE EDICION
Mención de edición 3ª ed.
260 ## - PUBLICACIÓN, DISTRIBUCIÓN, ETC.
Lugar de publicación, distribución, etc. Buenos Aires :
Nombre del editor, distribuidor, etc. Losada,
Fecha de publicación, distribución, etc. 1954.
300 ## - DESCRIPCIÓN FÍSICA
Extensión 154, [5] p. , [1] h. ;
Dimensiones 18 cm.
490 1# - MENCIÓN DE SERIE
Mención de serie Biblioteca contemporánea ;
Designación de volumen o secuencia 40
740 02 - ENTRADA AGREGADA--TÍTULO RELACIONADO/ANALÍTICO NO CONTROLADO
Título relacionado o analítico no controlado Luz de domingo.
740 32 - ENTRADA AGREGADA--TÍTULO RELACIONADO/ANALÍTICO NO CONTROLADO
Título relacionado o analítico no controlado La caída de los limones.
830 00 - PUNTO DE ACCESO ADICIONAL DE SERIE-TÍTULO UNIFORME
Título uniforme Biblioteca contemporánea (Losada)
Designación de volumen o secuencia 40
9 (RLIN) 230032
852 ## - LOCALIZACIÓN
Ubicación ES-MaACL
Número de control de estantería 14071
942 ## - ELEMENTOS DE ENTRADA SECUNDARIOS (KOHA)
Fuente del sistema de clasificación o colocación Clasificación decimal universal
Holdings
Estatus retirado Estado de pérdida Estado de daño No para préstamo Biblioteca de origen Biblioteca actual Ubicación en estantería Fecha de adquisición Fuente de adquisición Total de préstamos Signatura topográfica completa Código de barras Visto por última vez Precio de reemplazo Tipo de ítem Koha
        Biblioteca del Ateneo de Madrid Biblioteca del Ateneo de Madrid Depósito 2 17/01/2011     E-14071 1185303 23/02/2023 23/02/2023 Libro impreso